000 00541nam a22002177a 4500
003 UA-OsUOA
001 49841
007 ta
008 20071011b un ||||| |||| 00| 0 ukr d
100 _aДіяк І.
090 _a330(477)
_bД-12
942 _cSA
040 _aUA-OsUOA
_bukr
_cUA-OsUOA
_dUA-OsUOA
245 _aНафтогазова складова держбуджету-2008
300 _aС.11
955 _a0
041 _aukr
080 _a330(477)
773 0 _w49840
650 7 _a330 Економіка взагалі
_2UDC
999 _c335930
_d335930